000 00176 a2200073 4500
020 _a9780431114798
082 _223
_aT 323 KRAM
245 _aBehind the news Human rights:who decides?
999 _c800239
_d800238
942 _w8485
_xJulia Mabuza
_y8485
_zJulia Mabuza